Bombas. Teoría, diseño y aplicaciones
Uloženo v:
| Hlavní autor: | |
|---|---|
| Médium: | Kniha |
| Jazyk: | španělština |
| Vydáno: |
Ciudad de México
Noriega
2000
|
| Vydání: | 2a. ed |
| Edice: | Textos Politécnicos. Serie Tecnologías Mecánicas
|
| Témata: | |
| Tagy: |
Přidat tag
Žádné tagy, Buďte první, kdo vytvoří štítek k tomuto záznamu!
|
MARC
| LEADER | 00000nam a2200000 a 4500 | ||
|---|---|---|---|
| 001 | UCI4002 | ||
| 003 | CL-VaPUC | ||
| 008 | 071214e20000000MX |||||||||||||||||spa|d | ||
| 020 | |a 9681805097 | ||
| 082 | 0 | 4 | |a 621.69 |b VIE |2 21 |
| 100 | 0 | |a Viejo Zubicaray, Manuel |e author |9 525601 | |
| 245 | 1 | 0 | |a Bombas. Teoría, diseño y aplicaciones |
| 250 | |a 2a. ed | ||
| 300 | |a 290 p | ||
| 942 | |c BK | ||
| 945 | |d 20071214 00:00:00 |a rbrito | ||
| 260 | |a Ciudad de México |b Noriega |c 2000 | ||
| 650 | 7 | |a BOMBAS |2 CL-VaPUC |9 259418 | |
| 650 | 7 | |a BOMBEO |2 CL-VaPUC |9 363985 | |
| 650 | 0 | |a Drenaje |9 262510 | |
| 650 | 7 | |a MAQUINAS ROTATORIAS |2 CL-VaPUC |9 453288 | |
| 650 | 7 | |a BOMBA CENTRIFUGA |2 CL-VaPUC |9 525602 | |
| 650 | 7 | |a MOTOBOMBAS |2 CL-VaPUC |9 525603 | |
| 650 | 7 | |a INYECTORES |2 CL-VaPUC |9 427356 | |
| 650 | 7 | |a TURBOMAQUINARIA |2 CL-VaPUC |9 336932 | |
| 583 | |a last modification |c 20071214 00:00:00 |k Rodrigo Vera | ||
| 490 | 0 | |a Textos Politécnicos. Serie Tecnologías Mecánicas | |
| 999 | |c 328009 |d 328007 | ||
| 952 | |0 0 |1 0 |4 0 |6 621_690000000000000_VIE_2000 |7 0 |8 A |9 411651 |a BIBMEC |b BIBMEC |d 2019-11-22 |i 4396545 |o 621.69 VIE 2000 |p 4396545 |r 2024-01-19 |w 2019-11-22 |y BK |k MEC | ||